000 00687nam a2200229 a 4500
005 20240316063833.0
008 030514s2002 mx r 000 0 spa d
020 _a8466306994
035 _aUPN01000124253
049 _aCG
050 4 _aBF576
_bS8.3
100 1 _aSteiner, Claude,
_d1935-
245 1 3 _aLa educación emocional /
_cClaude Steiner, Paul Perry ; tr. Adelaida Ruiz.
260 _aMadrid :
_bPunto de Lectura,
_c2002.
300 _a367 p.
440 0 _aPunto de lectura ;
_v343
534 _pTítulo original:
_tAchieving emotional literacy
650 4 _aEmociones
_939
650 7 _aInteligencia emocional
_2
_91394
700 1 _aPerry, Paul,
_ecoaut.
905 _aLibro
999 _c96432
_d96432